Hotel catering : a handbook for sales and operations
Αποθηκεύτηκε σε:
| Κύριος συγγραφέας: | |
|---|---|
| Μορφή: | Βιβλίο |
| Γλώσσα: | English |
| Δημοσίευση: |
New York :
John Wiley & Sons,
c1992
|
| Θέματα: | |
| Ετικέτες: |
Προσθήκη ετικέτας
Δεν υπάρχουν, Καταχωρήστε ετικέτα πρώτοι!
|
MARC
| LEADER | 00000nam a2200000 i 4500 | ||
|---|---|---|---|
| 001 | 1/101426 | ||
| 008 | 000210s1992 eng d | ||
| 020 | |a 0-471-54418-3 | ||
| 035 | |l 10057680 | ||
| 040 | |a GR-MY-UA |b gre |e aacr | ||
| 041 | 0 | |a eng | |
| 082 | 0 | |a 642.4 | |
| 100 | 1 | |a Shock, Patti J. | |
| 245 | 1 | 0 | |a Hotel catering : |b a handbook for sales and operations / |c Patti J. Shock, John M. Stefanelli |
| 260 | |a New York : |b John Wiley & Sons, |c c1992 | ||
| 300 | |a xiv, 400 p. | ||
| 504 | |a Includes bibliographical references and index | ||
| 650 | 0 | 0 | |a Caterers and catering. |
| 650 | 0 | 0 | |a Hospitality industry. |
| 852 | |a INST |b CHIOS |e 20000210 |h 642.4 SHO |p 005200019010 |q 005200019010 |t BK |y 0 | ||
| 901 | |a BIBL2-2000-1 | ||
| 909 | |a Χ |b 072522 | ||
| 922 | |a 2ΕΛΗ |b 199912 |c ΤΔΕ |d ΠΑΠΑΣΩΤΗΡΙΟΥ | ||
| 950 | |a 112-1999-11-08 | ||
| 970 | |a ΣΠΕΝΤΖΑ |b ΕΛΕΝΗ |z 2000/02/10 | ||